|
|
|
|
| LEADER |
00000naa0a2200000 4500 |
| 001 |
591334 |
| 005 |
20250103161441.0 |
| 035 |
|
|
|a (RuTPU)RU\TPU\tpu\1516
|
| 035 |
|
|
|a TPU00001516
|
| 090 |
|
|
|a 591334
|
| 100 |
|
|
|a 20011210d1964 k||y0rusy50 ca
|
| 101 |
0 |
|
|a rus
|
| 102 |
|
|
|a RU
|
| 200 |
1 |
|
|a Фотоколориметрический метод определения алюминия в олове высокой чистоты с эриохромцианитом
|f Ю. Л. Лельчук, В. Б. Соколович, О. А. Дрелина
|
| 320 |
|
|
|a Библиогр.: 6 назв.
|
| 461 |
|
|
|t Промышленность химических реактивов и особо чистых веществ: Информационный бюллетень
|
| 463 |
|
|
|t № 4
|v С. 132-137
|d 1964
|
| 610 |
1 |
|
|a химические науки
|
| 610 |
1 |
|
|a труды учёных ТПУ
|
| 700 |
|
1 |
|a Лельчук
|b Ю. Л.
|
| 701 |
|
1 |
|a Соколович
|b В. Б.
|
| 701 |
|
1 |
|a Дрелина
|b О. А.
|
| 801 |
|
0 |
|a RU
|b 63413507
|c 20011210
|g PSBO
|
| 801 |
|
2 |
|a RU
|b 63413507
|c 20051219
|g PSBO
|
| 942 |
|
|
|c CR
|